<?xml version="1.0" encoding="UTF-8"?>
<marc:record xmlns:marc="http://www.loc.gov/MARC21/slim">
   <marc:leader>00000nam a2200000 a 4500</marc:leader>
   <marc:datafield ind1="0" ind2="0" tag="245">
      <marc:subfield code="a">Monopoly für schlechte Verlierer [Spiel]</marc:subfield>
   </marc:datafield>
   <marc:datafield ind1="1" ind2=" " tag="520">
      <marc:subfield code="a">Nicht heulen, heimzahlen! Die frustrierende Zeit ist vorbei, bei der man beim Monopoly spielen ständig verliert, denn hier kommt &#x84;Monopoly für schlechte Verlierer&#x93;. Bei dieser witzigen Ausgabe von Monopoly sind die Regeln umgedreht und Verlieren zahlt sich aus. Die Spieler verdienen bei diesem Spiel Geld, indem sie lästige Dinge machen müssen, wie ins Gefängnis gehen, Miete auf ein Grundstück zahlen oder sogar pleite gehen. Und der größte Loser kann als Mr. Monopoly ein Comeback starten, denn dieser hat gegenüber allen anderen Spielern diverse Vorteile. Bei &#x84;Monopoly für schlechte Verlierer&#x93; ist Rache süß und Loser sein macht endlich mal Spaß!</marc:subfield>
   </marc:datafield>
   <marc:datafield ind1=" " ind2=" " tag="020">
      <marc:subfield code="a">5010993716999</marc:subfield>
      <marc:subfield code="9">5010993716999</marc:subfield>
   </marc:datafield>
   <marc:datafield ind1=" " ind2=" " tag="500">
      <marc:subfield code="a">1 Spielplan, 1 Mr. Monopoly Figur m. Sockel, 1 Satz Spielgeld, 2 Würfel, 64 Karten (6 Übersicht-, 16 Ereignis-, 16 Gemeinschafts-, 26 Besitzrechtkarten), 12 Hotels (rot), 32 Häuser (schwarz), 30 Loser-Chips, Spielanleitung</marc:subfield>
   </marc:datafield>
   <marc:datafield ind1="0" ind2=" " tag="490">
      <marc:subfield code="v">0</marc:subfield>
   </marc:datafield>
</marc:record>
